000 00632nam a22001697a 4500
003 OSt
005 20171010095450.0
008 120626t xxu||||| |||| 00| 0 eng d
040 _aMMSU
_cULS
100 _aGalamgam, Nathaniel B.
_910745
245 _aEffectiveness of different weed control methods for direct seeded rice (PSB Rc 14) in rainfed lowland
_cNathaniel B. Galamgam
260 _c2008
300 _axv, 71 leaves
_c28 cm.
500 _aThesis (BS Agriculture-Agronomy) -- Mariano Marcos State University-College of Agriculture & Forestry, Batac City
504 _aBibliography: leaves 47-48
942 _2ddc
_cTHEDIS
999 _c9601
_d9601